000 00592nam a2200253Ia 4500
005 20260306145507.0
008 008 260114s9999 xx 000 0 eng d
020 _a9781438492865
037 _aEbook
040 _aCRL
040 _beng
040 _cCRL
041 _2eng
041 _aeng
084 _qCRL
100 _aLahiri, Nayanjot
245 0 _aSearching for Ashoka
260 _bSUNY Press
260 _c2023
650 _aTheology and Religion
_91123750
856 _uhttps://www.degruyter.com/isbn/9781438492865
942 _cEBOOK
999 _c1688734
_d1688734